000 00770cam a22002412 4500
001 0000003106
005 20151217161132.0
008 070427s xx 000 0 eng d
020 _cKES 1,250 (vol. 1)
020 _cKES 1,250 (vol. 2)
040 _aKABU
_cKABU
050 0 _aHJ8899
_b.W672 1988
245 1 0 _aWorld debt tables.
250 _a1988-89 ed.
260 _aWashington, D.C :
_bWorld Bank,
_cc1988.
300 _a2 v. ;
_c28 cm.
650 0 _aDebt, External
_xDeveloping countries
_xStatistics.
_vPeriodical.
_@0000152747
710 2 _aWorld Bank.
_@0000150142
908 _a070427
950 _@1
999 _c14930
_d14930